Top 30 : Tayc - Statistiques

Statistiques générales
  • Ce quiz a été pris 117 fois
  • Le résultat moyen est 13 sur 30
Statistiques - réponses
Top Titres Featuring % Correct
4 I love you Dadju
90%
2 Le temps
82%
5 P A S C O M M E Ç A Tiakola
76%
1 N'y pense plus
74%
6 Comme toi
65%
8 Salomé Marcus
64%
3 D O D O
63%
20 Ride Leto
63%
19 Le miel
60%
9 Moi, je prouve. Barack Adama
59%
12 My love Josman
59%
10 Room 69
54%
16 C'est lui
49%
13 Qui
49%
30 No.
45%
14 Sans effet
42%
17 Toxic Boy
38%
22 Pour nous Vegedream
37%
25 S U I S - M O I Fally Ipupa
35%
15 Carry Me
29%
23 Promis juré
29%
7 Cœur de pirate Naza, Vegedream, Elams, Jul, Lynda, SAF, THABITI, Naps, Le classico organisé
28%
26 Forévà
28%
29 5 ans
27%
24 À Deux
26%
21 Dis moi comment.
23%
27 Makila : Wablé Dadju
18%
11 Yimmy Yimmy Shreya Ghoshal, Rajat Nagpal, Jacqueline Fernandez
17%
18 Bye Bye Soolking
10%
28 So Distant B Young
5%
Aucun quiz correspondant
Distribution des résultats
% des personnes avec chaque résultat
Percentile par nombre de réponses
Votre historique - résultats
Vous n’avez pas pris ce quiz